| 000 | 00729cam a22002413a 4500 | ||
|---|---|---|---|
| 001 | 15730 | ||
| 003 | PGUSA | ||
| 005 | 20140828083333.0 | ||
| 008 | 050429s2005||||xxu|||||s|||||000 | eng d | ||
| 040 |
_aPGUSA _beng |
||
| 042 | _adc | ||
| 050 | 4 | _aBX | |
| 100 | 1 |
_aCrisp, Stephen, _d1628-1692 |
|
| 245 | 1 | 2 |
_aA Short History of a Long Travel from Babylon to Bethel _h[electronic resource] / _cStephen Crisp |
| 260 |
_bProject Gutenberg, _c2005 |
||
| 506 | _aPublic domain in the USA. | ||
| 516 | _aElectronic text | ||
| 653 | _aSociety of Friends -- Doctrines -- Early works to 1800 | ||
| 700 | 1 | _aBrinton, Anna Cox | |
| 830 | 0 |
_aProject Gutenberg _v15730 |
|
| 856 | 4 | 0 | _uhttp://www.gutenberg.org/ebooks/15730 |
| 942 | _cEB | ||
| 999 |
_c244985 _d244985 |
||